Statistics for transformers knowledge

Click here to take the quiz!

General Stats

  • This quiz has been taken 206 times
  • The average score is 10 of 27

Answer Stats

Answer% Correct
home of transformersCybertron
99%
matrix of...leadership
84%
9th matrix holderOptimus Prime
80%
life force of the transformersenergon
69%
autobot capital cityIacon
61%
deception capital cityKaon
56%
anti - energondark energon
54%
Spike's dadSparkplug
53%
7th matrix holderSentinel Prime
50%
female autobotChromia
48%
female autobotElita 1
39%
8th matrix holderAlpha Trion
37%
female autobotMoonracer
34%
2nd matrix holderPrima
31%
6th matrix holderZeta Prime
31%
City omega supreme failed to protectCrystal City
31%
female autobotFirestar
28%
3rd matrix holderNova Prime
23%
computer system of the Ark 2Teletraan 1
22%
maker of unicronPrimacron
14%
how many minutes is a kilk1.2
12%
where the first Ark disappearedDead Universe
8%
enhances transformers abilitiessynthetic energon
7%
5th matrix holderNominus Prime
7%
how many minutes is a breem8.3
7%
4th matrix holderGuardian Prime
5%
1st matrix holderAlpha Prime
5%

Score Distribution

Percentile by Number Answered

Percent of People with Each Score

Your Score History

You have not taken this quiz